000 00320nam a22001337a 4500
008 180316b xxu||||| |||| 00| 0 eng d
020 _a9780321079954
041 _aeng
080 _a.37
100 _a25
101 _aedu
245 _aa guide to teaching the craft of argument
_cwilliams.j.m
942 _2udc
_cBK
999 _c45235
_d45235